| 000 | 00589cam a2200217ua 4500 | ||
|---|---|---|---|
| 001 | 2146 | ||
| 005 | 20260515113442.0 | ||
| 008 | 110803n ii |||gr||||Z||||||asm | ||
| 020 | _a81-7339-048-7 | ||
| 040 | _cMAIN | ||
| 082 | _a370.15 | ||
| 100 |
_aThakur, Sabita, _eAuthor. |
||
| 245 | 1 |
_aShiksha monobigyan aru saikhik parisankhya _cby Sabita Thakur |
|
| 250 | _a1st. | ||
| 260 |
_aDibrugarh: _bBanalata, _c2005. |
||
| 300 |
_a410p: _c23cm. |
||
| 653 | _aEducation | ||
| 653 | _aShiksha monobigyan aru saikhik parisankhya | ||
| 700 |
_aGoswami, Rajani kanta, _eAuthor. |
||
| 942 | _cBK | ||
| 999 |
_c2012 _d2012 |
||